Why does society describe itself as global?: re-examining the relation between globalization and the states from a second-order perspective /
Guardat en:
| Autor principal: | |
|---|---|
| Format: | Text |
| Etiquetes: |
Afegir etiqueta
Sense etiquetes, Sigues el primer a etiquetar aquest registre!
|
MARC
| LEADER | 00000 a a2200000 04500 | ||
|---|---|---|---|
| 001 | 46199 | ||
| 003 | |||
| 040 | |||
| 100 | |a Guy, Jean-Sébastien | ||
| 245 | |a Why does society describe itself as global?: |b re-examining the relation between globalization and the states from a second-order perspective / |c Jean-Sébastien Guy | ||
| 773 | |g volumen61, número7 (2013), páginas 1040-1057 | ||
| 999 | |c 21112 |d 21112 | ||
